02536ngm a2200445 u 4500001000800000005001700008007000600025008004100031035001200072040001300084041000800097080000600105110006000111245011500171260006400286300004000350490003900390520049400429650005400923650005000977650006701027650005201094650004001146650005901186650006901245650002301314650002201337700009101359700003001450700005401480700004901534700005301583710008801636710007401724710006701798710003501865942000901900999001901909952016201928134019720260508084219.0vd||v130815e20120815 spa  a1340197 ccomduadb aspa aV20aUniversidad de Antioquia.bRectoría4auteaut982708713aLa fuerza de los argumentos : oportunidad o crisis en el Sistema Nacional de Ciencia y Tecnología (parte II) aMedellín :bUniversidad de Antioquia Televisión,c2012. a1 DVD (54 minutos) : sonido, color.0 aLa Fuerza de los Argumentos ;v3083 aRESUMEN : "La segunda parte del debate en relación al Sistema Nacional de Ciencia y Tecnología controvierte de las necesidades científicas del país: falta de profesionales con estudios doctorales, las falencias del plan de desarrollo de ciencia y tecnología colombiano, los mecanismos de financiación del Sistema, la soberanía institucional de Colciencias, entre otros tópicos que evidencian también las propuestas para transformar el país a través del conocimiento." aSistema Nacional de Ciencia y Tecnología971044 7aCiencia y tecnologíazColombia2lemb948523 7aDesarrollo científico y tecnológicozColombia2lemb938873 aInvestigación científica - Colombia9172003 aUniversidad e investigación98482 aPolítica de ciencia y tecnología - Colombia913624 aCTS+I ( Ciencia, Tecnología, Sociedad e Innovación )9145572 aColciencias937180 aDocumental93344810aDomínguez Gómez, Eduardo4nrt0(isni)00000000431899240(viaf)24189253enrt925247000aCanal U4proepro958806010aMiranda Miranda, Juan Francisco4iveeive944418610aMondragón Pérez, Fanor4iveeive924064910aAmell Arrieta, Andrés Adolfo4iveeive954448920aUniversidad de Antioquia. Departamento de Servicios Audiovisuales4auteaut983026810aUniversidad de Antioquia.bInstituto de Filosofía4auteaut982555200aUniversidad de Antioquia. Facultad de Comunicaciones4auteaut20aTelemedellin4proepro9827220 cBOOK c654301d654301 001040708AUDIOBCaBCbBCd2013-08-15eMaterial adquirido por donacióniC1184287l0oV-00697 DVD308p0981297r2023-05-02 00:00:00t1w2023-05-02yDIGITAL